000 00662nam a2200229Ia 4500
003 OSt
005 20220926000704.0
006 a|||||r|||| 00| 0
007 ta
008 220923b |||||||| |||| 00| 0 eng d
037 _cGeneral Book
040 _aRTL
_cRTL
_beng
041 _2eng
_aeng
082 _aU:(G:55).2.N9, N1
100 _aNegi S S
_9105337
245 0 _anvironmental degradation and crisis in India
260 _a New Delhi
_bIndus India
_c1991
300 _a344p. Bib chapterwise
_ccm.
650 _aGeography- Environment
_9229896
942 _hU:(G:55).2.N9, N1
_cGB
_2CC
999 _c599454
_d599454